Countries With 3 Consecutive Consonants - Statistics

General Stats
  • This quiz has been taken 46 times
  • The average score is 12 of 18
Answer Stats
Hint Answer % Correct
KHST Kazakhstan
100%
FGH Afghanistan
90%
RSH / NDS Marshall Islands
83%
Marshall Islands
83%
NDS Netherlands
83%
Solomon Islands
78%
ZST Kyrgyzstan
75%
RTH North Korea
70%
TTS Saint Kitts & Nevis
70%
TSW Botswana
65%
RKM Turkmenistan
63%
STR Australia
60%
Austria
60%
NGL Bangladesh
58%
North Macedonia
58%
CHT / NST Liechtenstein
55%
NGD United Kingdom
53%
NTR Central African Republic
40%
No matching quizzes found
Score Distribution
Percent of People with Each Score
Percentile by Number Answered
Your Score History
You have not taken this quiz